| 000 | 01291cam a2200289 4500 | ||
|---|---|---|---|
| 008 | 030227n2003 000 0 eng u | ||
| 020 | _a1842191411 | ||
| 022 | _a1464-648X | ||
| 035 | _a(Sirsi) u121457 | ||
| 050 |
_a333.70285 _c18 |
||
| 100 | _aKarikari, Issac | ||
| 245 | _aAdoption of geographic information systems in the Accra Lands Commission Secretariat | ||
| 260 |
_aLondon _bRICS Foundation _c2003 |
||
| 300 |
_aiii, 28p. _c30cm. |
||
| 490 | _aRICS Foundation Our Common Estate Series | ||
| 520 | _aThe Lands Commission Secretariat (LCS) is the agency primarily responsible for managing public lands in Ghana. This paper considers which GIS organisational model might be appropriate for the Accra LCS and examines the factors that would help or hinder the success of GIS implementation under the adopted model environment. Bibliography. View at www.rics-foundation.org. | ||
| 650 | _aGHANA | ||
| 650 | _aGIS | ||
| 650 | _aLAND MANAGEMENT | ||
| 650 | _aACCRA | ||
| 690 |
_aGEOMATICS _96242 |
||
| 700 | _aStillwell, John | ||
| 700 | _aCarver, Steve | ||
| 710 |
_aRoyal Institution of Chartered Surveyors _bFoundation _94173 |
||
| 856 |
_uhttps://www.rics.org/Global/Downloads/AdoptionGIS200304.pdf _zView the report on the RICS Foundation website... |
||
| 942 | _n0 | ||
| 999 |
_c102667 _d102667 |
||